000 00610nam a2200217Ia 4500
005 20241216010100.0
008 180423s9999||||xx |||||||||||||| ||und||
020 _a968-16-3347-4
082 _a371.33
_bR84
100 _aROSE GILIAN
245 0 _aDIALECTICA DEL NIHILISMO
_bLA IDEA DE LA LEY EN EL PENSAMIENTO POSTESTRUCTURALISTA
250 _a0
260 _aMEXICO
_bFONDE DE CULTUA ECONOMICA
_c1989
300 _a205 pag.
_c23 cm
341 _h38
490 _v0
_a0
541 _aS
_bLIBRERIA SAN CRISTOBAL
_d05-Feb-01
_odólar
650 _aCIENCIAS SOCIALES
856 _zHumanidades
942 _cLIBRO
999 _c5030
_d5030